000 00904nam a2200265Ia 4500
003 OSt
005 20221005111331.0
006 a|||||r|||| 00| 0
007 ta
008 221004b |||||||| |||| 00| 0 hin d
020 _a9789350722166 (hbk)
_cIndian Rupees 595
024 _a43856
037 _bGift, 29/05/2019,
_cTextual
040 _aCRL
_cCRL
_bhin
041 _2hin
_ahin
082 _a4,1, 152Q1
100 _aविनीत कुमार, ले.
245 0 _aमंडी में मीडिया
246 _aManḍī mean mīḍiyā
260 _aनई दिल्ली
_bवाणी प्रकाशन भारत
_c2011
300 _a384पृ0
_ccm.
650 _aहिन्दी पत्रकारिता
942 _h4,1, 152Q1
_cTEXL
_2cc
999 _c1021523
_d1021523